000 01301nam a2200337 i 4500
001 000038548
003 DO-SdBNP
005 20241121095827.0
007 ta
008 130415s1994 dr ac 000 0 spa d
020 _a846051336X
040 _aDO-SdBNP
_bspa
_cBNPHU
_erda
041 _aspa
082 4 _a972.93054
_bB641c
_222
100 1 _aBlanco Fernández, Ramón A.
_eautor
_4aut.
_964884
245 1 0 _a1J4 :
_bde la apariencia a la esencia ( breve historia de algunos errores políticos) /
_cRamón A. Blanco Fernández.
246 1 3 _aCatorce de junio :
_bde la apariencia a la esencia ( breve historia de algunos errores políticos)
250 _aPrimera edición
264 1 _aSanto Domingo :
_bEditora Corripio,
_c1994.
300 _a176 páginas :
_bilustraciones retratos ;
_c24 cm.
336 _ardacontent
_btexto
_2txt
337 _ardamedia
_bsin mediación
_2n
338 _ardacarrier
_bvolumen
_2nc
590 _aInventariado, 2024/DG
610 2 4 _aMovimiento revolucionario 14 de Junio (República Dominicana)
_91373
650 4 _aMovimientos revolucionarios
_91376
650 4 _aActividades clandestinas
_91375
651 4 _aRepública Dominicana
_xPolítica Y Gobierno
_yEra de Trujillo, 1930-1961
_91374
910 _aValidado. Control de calidad MFF
942 _2ddc
_cLBS1
999 _c38038
_d38038